King Henry III of England - Statistics

General Stats
  • This quiz has been taken 12 times
  • The average score is 9 of 12
Answer Stats
Hint Answer % Correct
Succeeded this famously unsuccessful king, his father, in 1216 John
100%
Henry was crowned at this young age 9 years old
89%
Henry promised to abide by the Great Charter of 1225, a later version of this royal charter signed by King John Magna Carta
89%
Previously called 'Great Councils', this word was first used during Henry's reign to describe the form of legislature still used today in the United Kingdom Parliament
89%
Attempted to have his second son Edmund appointed king of this Italian island Sicily
89%
Rebuilt this church, today the burial site of 18 English, Scottish and British monarchs Westminster Abbey
89%
Heavily taxed and segregated this religious group Jews
78%
Henry was succeeded by this son in 1272, named for an Anglo-Saxon king whom Henry also took as his patron saint Edward I
67%
His wife Eleanor of Provence
56%
... the creation of which is often accredited to Simon de Montfort, earl of this English city Leicester
56%
Simon de Montfort would go on to oppose the crown during this war Second Barons' War
56%
Henry's first regent who served five English kings William Marshal
56%
No matching quizzes found
Score Distribution
Percent of People with Each Score
Percentile by Number Answered
Your Score History
You have not taken this quiz